00966nam a2200265Ia 4500001000600000003000500006008004100011010001100052040000900063090001600072100003600088245017100124260004100295300001900336502008100355650003600436650002500472901001600497902000600513910000900519942000600528942000600534999001900540952014100559Z_455CHAP220113s1983 xx 000 0 und d a163432 cCHAP aTesis H 263 aHernández Cachou, Luis953873 aEfecto de dos métodos de alimentación sobre la eficiencia de conversión y los incrementos de peso vivo de conejos en crecimiento /cpor Luis Hernández Cachou aChapingo, Méx. :bEl autor,c1983 a65 h. gráfs. aTesis (Ing. Agrónomo Esp. en Zootecnia) -- UACH. Departamento de Zootecnia aConejosxAlimentación 926353 aConejosxPeso926374 aTESIS H 263 aM a1983 c2 c2 c163432d163432 00102local4051708TESISaZbZd2005-11-09eEl autorl0oTesis H47 263 1983p5101000397r2022-01-18 00:00:00tEj.1w2022-01-18yTESIS